| 000 | 00964nam a2200277 a 4500 | ||
|---|---|---|---|
| 001 | 43140 | ||
| 003 | BD-RjUL | ||
| 005 | 20211209053643.0 | ||
| 008 | 160619s1972 caua bs 101 0 eng d | ||
| 020 | _a0804707944 (hbk.) | ||
| 035 | _a(BD-RjUL)43258 | ||
| 040 |
_aDLC _cDLC _dEQO _dBD-RjUL _beng |
||
| 041 | _aeng | ||
| 082 |
_a330.95105 _223 _bECO 1972 |
||
| 245 | 0 | 0 |
_aEconomic organization in Chinese society / _cedited by W. E. Willmott. |
| 260 |
_aStanford : _bStanford University Press, _cc1972. |
||
| 300 |
_axi, 461 p. : _bill. ; _c24 cm. |
||
| 490 | 1 | _aStudies in Chinese society | |
| 504 | _aIncludes bibliographical references (p.417-438) and index. | ||
| 651 | 0 |
_aChina _xEconomic conditions _y1945-1976 _xCongresses. _9132467 |
|
| 651 | 0 |
_aTaiwan _xEconomic conditions _y1945-1975 _xCongresses. _9132468 |
|
| 700 | 1 |
_aWillmott, W. E. _q(William E.) _9132469 |
|
| 830 | 0 |
_aStudies in Chinese society _9132470 |
|
| 942 |
_2ddc _cBK |
||
| 999 |
_c43140 _d43140 |
||